|
|
|
|
| LEADER |
00000cas a2200000 a 4500 |
| 001 |
vtls001294973 |
| 003 |
SK-MaSNL |
| 005 |
20260228163924.0 |
| 008 |
970717d19591990xo x 0 0 0slo |
| 022 |
|
|
|a 0322-8983
|
| 035 |
|
|
|a SNK000246778
|
| 040 |
|
|
|a SNK
|b slo
|c SNK
|e AACR2
|
| 041 |
0 |
|
|a slo
|
| 044 |
|
|
|a xo
|c SK
|
| 072 |
|
7 |
|a 624
|x Stavebné inžinierstvo
|2 konspekt
|
| 080 |
|
|
|a 624
|2 2011
|
| 080 |
|
|
|a 050
|2 2011
|
| 210 |
0 |
|
|a Vestn. Lignoproj.
|
| 222 |
|
0 |
|a Vestník Lignoprojektu
|
| 245 |
0 |
0 |
|a Vestník Lignoprojektu
|
| 260 |
|
|
|a Bratislava
|b OBIS VTEI Lignoprojekt
|c 1959-1990
|e Nitra
|f Nitrianske tlačiarne
|
| 300 |
|
|
|a 30 x 21 cm
|
| 310 |
|
|
|a Nepravidelne
|
| 362 |
0 |
|
|a [Roč. 1] (1959)-roč. 32 (1990)
|
| 650 |
0 |
7 |
|a inžinierske staviteľstvo
|2 SNKPH
|9 725
|
| 655 |
|
7 |
|a vestníky
|2 SNKPH
|9 70701
|
| 910 |
|
|
|a snk
|
| 999 |
|
|
|c 11298
|d 13228
|
| 952 |
|
|
|0 0
|1 0
|4 0
|7 0
|a SNK
|b SNK
|d 1997-07-17
|l 0
|o snkČSB 2113/32/1990
|p 17A0082094
|r 2005-01-02 00:00:00
|w 2026-02-21
|y PREZ
|